Top 25 Most Streamed Ariana Grande Songs on Spotify - Statistics

General Stats
  • This quiz has been taken 42 times
  • The average score is 17 of 25
Answer Stats
Hint Answer % Correct
2,764,156,995 7 rings
96%
1,830,751,580 Side To Side
96%
1,556,170,794 Dangerous Woman
93%
2,190,083,451 thank u, next
93%
1,911,715,053 Into You
89%
1,710,561,940 positions
89%
1,040,000,000 Problem
89%
1,160,000,000 Break Free
81%
1,664,893,236 Bang Bang
78%
1,548,606,108 no tears left to cry
78%
715,000,000 yes, and?
78%
1,140,000,000 34+35
74%
2,028,736,617 One Last Time
74%
1,090,000,000 break up with your girlfriend, i'm bored
70%
1,251,867,123 God is a woman
70%
705,000,000 breathin
67%
1,327,742,208 Love Me Harder
56%
1,404,808,789 Stuck with U
44%
1,865,486,881 we can't be friends (wait for your love)
44%
1,010,000,000 boyfriend
41%
1,513,684,346 Santa Tell Me
37%
1,218,000,000 Rain On Me
33%
2,149,482,386 Save Your Tears (Remix)
33%
720,000,000 Everyday
26%
1,276,841,277 Die For You (Remix)
22%
No matching quizzes found
Score Distribution
Percent of People with Each Score
Percentile by Number Answered
Your Score History
You have not taken this quiz